000000832 001__ 832 000000832 005__ 20260410124452.0 000000832 0247_ $$2DOI$$a10.6083/M43N21DV 000000832 037__ $$aETD 000000832 245__ $$aA hair cell-specific vesicular glutamate transporter is required for auditory and vestibular function in zebrafish 000000832 260__ $$bOregon Health and Science University 000000832 269__ $$a2007 000000832 336__ $$aThesis 000000832 502__ $$bM.S. 000000832 520__ $$aHair cells (HCs) mediate auditory and vestibular sensation through synaptic transmission. Here, I identify asteroid (ast), an ENU-induced deafness mutant, as encoding vesicular glutamate transporter 3 (Vglut3). ast⁻/⁻ hair cells show normal mechanotransduction and morphology, but a splicing defect excluding exon 2 of vglut3 correlates with vestibular dysfunction. Morpholino knockdown phenocopies a weaker balance defect. While synaptic ribbons appear normal, ribbon-associated vesicles are reduced, suggesting a role for Vglut3 in synaptic vesicle biogenesis or trafficking. These findings identify the hair cell glutamate transporter and establish asteroid as a model for hair cell synaptic biology. 000000832 540__ $$fCC BY 000000832 542__ $$fIn copyright - single owner 000000832 650__ $$aZebrafish$$028076 000000832 650__ $$aVesicular Glutamate Transport Proteins$$036397 000000832 650__ $$aPostural Balance$$018559 000000832 650__ $$aHearing$$019916 000000832 650__ $$aVestibular System$$013786 000000832 691__ $$aSchool of Medicine$$041369 000000832 692__ $$aDepartment of Cell, Developmental and Cancer Biology$$041399 000000832 7001_ $$aWolfson, Sean$$uOregon Health and Science University$$041354 000000832 7201_ $$aNicolson, Teresa$$uOregon Health and Science University$$041354$$7Personal$$eMentor 000000832 8564_ $$9b189036c-a5d4-4ac2-b187-13b77789b509$$s1412200$$uhttps://digitalcollections.ohsu.edu/record/832/files/835_etd.pdf$$ePublic$$2c1a661c4d59505505e678e79f289b915$$31 000000832 901__ $$a<p>These documents are archival records. They are retained for historical reference only. </p><p><b>Need an accessible version? Use the ‘Get Accessible Copy’ link above.</b></p> 000000832 905__ $$a/rest/prod/15/44/bp/14/1544bp14j 000000832 909CO $$ooai:digitalcollections.ohsu.edu:832$$pstudent-work 000000832 956__ $$aGet Accessible Copy$$uhttps://ohsu.libwizard.com/f/requestaccessibledocument 000000832 980__ $$aTheses and Dissertations